000 00423nam a2200169Ia 4500
003 OSt
005 20240520112201.0
008 170619s9999 xx 000 0 und d
020 _a978-0201880670
040 _cIIMT ENGINEERING COLLEGE
100 _aKalakota- Whinston
245 0 _aElectronic commerce: A manager's guide
260 _bSingapore Pearson Pub.
260 _c2005
546 _aENGLISH
942 _2ddc
_c02
999 _c22225
_d22225